Do-it-yourself health: (Record no. 17946)

MARC details
000 -LEADER
fixed length control field 007300000a22002170004500
003 - CONTROL NUMBER IDENTIFIER
control field dpl
005 - DATE AND TIME OF LATEST TRANSACTION
control field 20081031093356.0
008 - FIXED-LENGTH DATA ELEMENTS--GENERAL INFORMATION
fixed length control field 081031t xxu||||| |||| 00| 0 eng d
010 ## - LIBRARY OF CONGRESS CONTROL NUMBER
LC control number ENG-84642
020 ## - INTERNATIONAL STANDARD BOOK NUMBER
International Standard Book Number 8170218586
Terms of availability 169.00 (pbk)
035 ## - SYSTEM CONTROL NUMBER
System control number EN-68175
040 ## - CATALOGING SOURCE
Transcribing agency dpl
082 ## - DEWEY DECIMAL CLASSIFICATION NUMBER
Classification number 613
245 ## - TITLE STATEMENT
Title Do-it-yourself health:
Remainder of title 1001 tips you can use to feel better and stay well /
Statement of responsibility, etc edited by Robert Somerville
260 ## - PUBLICATION, DISTRIBUTION, ETC. (IMPRINT)
Place of publication, distribution, etc New Delhi
Name of publisher, distributor, etc Health Harmony
Date of publication, distribution, etc 2004
300 ## - PHYSICAL DESCRIPTION
Extent 398p
Dimensions 22cm
500 ## - GENERAL NOTE
General note Includes index
700 ## - ADDED ENTRY--PERSONAL NAME
Personal name Somerville, Robert
Titles and other words associated with a name ed
942 ## - ADDED ENTRY ELEMENTS (KOHA)
Source of classification or shelving scheme Dewey Decimal Classification
Koha item type English Books
Classification part 613
Call number suffix DOI
Holdings
Withdrawn status Lost status Source of classification or shelving scheme Damaged status Not for loan Home library Current library Date acquired Cost, normal purchase price Total Checkouts Full call number Barcode Date last seen Copy number Cost, replacement price Price effective from Koha item type
    Dewey Decimal Classification   Not For Loan D.B.Act.Division D.B.Act.Division 12/03/2007 169.00   613 DOI EN-68175 04/11/2008 1 169.00 04/11/2008 English Books

© Delhi Public Library
Hit Counter
free hit counter